[Event "EOBCC TOP4 2020"]
[Site "Online"]
[Date "2020.12.19"]
[Round "1.1"]
[White "Navara, David"]
[Black "Jones, Gawain C B"]
[Result "0-1"]
[WhiteElo "2697"]
[BlackElo "2670"]
[Annotator "TA"]
[PlyCount "66"]
[EventDate "2020.12.18"]
[EventType "k.o."]
[EventCountry "NET"]
[SourceTitle "playchess.com"]
[Source "ChessBase"]
[SourceQuality "1"]

{[%evp 9,66,18,16,18,20,23,29,22,27,-85,-73,-143,-126,-140,-97,-109,-102,-107,-107,-141,-132,-172,-104,-93,-81,-199,-186,-358,-342,-383,-367,-378,-361,-398,-384,-451,-453,-452,-456,-435,-424,-432,-446,-498,-492,-512,-514,-612,-427,-504,-518,-737,-727,-1168,-1147,-1099,-709,-1099,-1014]} 1. e4 e5 2. Nf3 Nc6 3. Bc4 Bc5 4. c3 Nf6 5. d3 d6 6. a4 {C54: Giuoco Piano: 4 c3 Nf6, main lines with 5 d4 and 5 d3.} a6 7. O-O Ba7 8. Re1 {White has an edge.} Ng4 9. d4 (9. Re2 $11 {remains equal.}) 9... exd4 $17 10. Bg5 {[#]} (10. cxd4 $142 Nxd4 11. Nxd4) 10... f6 $1 {[%cal Rf6g5]} 11. Bh4 {[%cal Rc3d4]} Nge5 {[#]} 12. Be2 $146 {[%cal Rf3d4]} ({Predecessor:} 12. Nxe5 dxe5 13. Kh1 Qd6 14. f4 Bd7 15. fxe5 Nxe5 16. Bd5 Ng4 17. e5 Qxd5 18. exf6+ {0-1 (24) Antipov,M (2558)-Khademalsharieh,S (2491) Selfoss 2019}) 12... Nxf3+ 13. Bxf3 Be6 $36 {[%mdl 2048] Black has strong initiative.} 14. Bh5+ {[#]} g6 $1 {[%cal Rg6h5]} 15. Bg4 Qd7 (15... Bxg4 $19 16. Qxg4 Qe7) 16. Bxe6 Qxe6 17. Nd2 (17. b4 $17) 17... h5 $19 {...g5 is the strong threat.} 18. Nf3 $2 (18. cxd4 {was called for.} Nxd4 19. Bg3) 18... dxc3 19. Qd5 Kd7 20. bxc3 g5 21. Bxg5 fxg5 22. Nxg5 Qxd5 {Black is clearly winning.} 23. exd5 Ne5 24. Ne6 Rhg8 25. Re2 Rg4 26. h3 Rc4 27. Kh2 Rxc3 28. f4 Nf7 29. Rae1 {If only White now had time for Ng5....} Rg8 30. Ng5 Nxg5 31. Re7+ Kd8 32. fxg5 Bd4 33. g6 Be5+ {Weighted Error Value: White=0.76/Black=0.33} 0-1

[Event "EOBCC TOP4 2020"]
[Site "Online"]
[Date "2020.12.19"]
[Round "1.1"]
[White "Shirov, Alexei"]
[Black "Bluebaum, Matthias"]
[Result "1/2-1/2"]
[WhiteElo "2662"]
[BlackElo "2670"]
[Annotator "TA"]
[PlyCount "61"]
[EventDate "2020.12.18"]
[EventType "k.o."]
[EventCountry "NET"]
[SourceTitle "playchess.com"]
[Source "ChessBase"]
[SourceQuality "1"]

{[%evp 20,61,19,12,11,13,6,-13,0,0,0,0,0,0,0,-33,-38,-33,-32,-39,-29,-37,-43,-29,-10,-8,0,0,0,-10,-8,-8,-7,-9,0,0,0,-20,0,0,0,-24,0,0]} 1. e4 e6 2. d4 d5 3. e5 c5 4. c3 Nc6 5. Nf3 Qb6 6. Be2 cxd4 7. cxd4 Nge7 8. Na3 Nf5 9. Nc2 Bd7 10. O-O Be7 11. Bd3 Nb4 {[#] C02: French: Advance Variation.} ({Not} 11... Ncxd4 $2 12. Nfxd4 Nxd4 13. Be3 $18) 12. Bxf5 $146 ({Predecessor:} 12. Nxb4 Qxb4 13. Kh1 h6 14. Bd2 Qb6 15. a4 a5 16. Rc1 Bb4 17. Bxf5 exf5 18. Bxb4 Qxb4 19. Rc5 Bxa4 {½-½ (34) Lamorelle,Y (2225)-Sermier,G (2366) France 2006}) 12... exf5 13. Bg5 Bxg5 14. Nxb4 Qxb4 15. Nxg5 O-O 16. Nh3 Qxb2 17. Rb1 Qxa2 18. Rxb7 Be6 19. Nf4 Rfb8 20. Re7 Qa3 21. Rc7 Rc8 22. Qc2 Rxc7 23. Qxc7 Qa6 24. h4 h6 25. Rb1 Qc8 26. Qd6 Qd8 27. Qa6 Qc8 28. Qa5 Qd8 29. Qa6 Qc8 30. Qa5 Qd8 31. Qa6 {Weighted Error Value: White=0.07/Black=0.05} 1/2-1/2

[Event "EOBCC TOP4 2020"]
[Site "Online"]
[Date "2020.12.19"]
[Round "1.2"]
[White "Bluebaum, Matthias"]
[Black "Shirov, Alexei"]
[Result "0-1"]
[WhiteElo "2670"]
[BlackElo "2662"]
[Annotator "TA"]
[PlyCount "92"]
[EventDate "2020.12.18"]
[EventType "k.o."]
[EventCountry "NET"]
[SourceTitle "playchess.com"]
[Source "ChessBase"]
[SourceQuality "1"]

{[%evp 9,92,2,18,13,18,13,33,21,25,23,21,5,7,0,0,0,0,-2,12,0,0,0,22,20,19,-36,30,30,45,23,67,29,29,29,32,30,32,32,43,44,37,9,42,38,64,74,75,12,21,22,80,64,97,103,101,104,171,122,110,109,82,29,32,38,62,0,0,0,6,0,0,0,0,-3,0,-54,-24,-64,-13,-86,0,-230,-192,-760,-745]} 1. d4 d5 2. Nc3 Nf6 3. Bf4 c6 4. e3 Bf5 5. Nf3 h6 (5... Nbd7 {keeps more tension.} 6. Bd3 e6 7. O-O Be7 8. Re1 Qb6) 6. Bd3 {D00: 1 d4 d5: Unusual lines.} Bxd3 7. cxd3 Nbd7 8. h3 {White is slightly better.} e6 9. O-O Be7 {[#]} 10. Ne5 $146 ({Predecessor:} 10. Re1 Nf8 11. e4 Ng6 12. Bh2 O-O 13. Ne5 Nxe5 14. dxe5 Nd7 15. exd5 cxd5 16. a3 {0-1 (34) Lehmann,T (1703)-Bethke,R (2104) Heusenstamm 2016}) 10... O-O 11. Qf3 Qb6 12. Rab1 Qa6 13. Rfd1 Rac8 14. b4 Nxe5 15. dxe5 Nh7 16. d4 b6 17. Rdc1 (17. Qg4 $11 g5 18. Bg3) 17... Qd3 (17... Qa3 $15) 18. Rb3 $11 Qf5 19. Ne2 Ng5 20. Bxg5 (20. Qh5 {is interesting.} Rfe8 21. Ng3 Qh7 22. Bxg5 hxg5 23. Qe2) 20... Qxf3 21. gxf3 hxg5 22. Rbc3 Bxb4 23. Rxc6 Rxc6 24. Rxc6 {[%mdl 4096] Endgame KRB-KRN} Rb8 25. e4 dxe4 26. fxe4 Rd8 27. Kg2 b5 28. Ra6 (28. Rc7 $16) 28... Rd7 29. Kf3 Be7 (29... Kf8 $11) 30. Ke3 $16 b4 31. Nc1 Rc7 32. Nd3 Rd7 (32... Kf8 $16) 33. Ra5 Bd8 34. Rb5 Bb6 35. Rxb4 (35. Nc5 $16 Rc7 36. Na4 (36. Rxb4 Bxc5 37. dxc5 Rxc5 $11)) 35... Rc7 $11 36. a4 Rc3 37. Rb5 (37. Ke2 $14) 37... Ra3 $1 38. a5 Bxa5 39. d5 Bb6+ 40. Ke2 Ra2+ 41. Kd1 Kf8 ({But not} 41... Bxf2 $2 42. Nxf2 Ra1+ 43. Ke2 $18) 42. Rb3 (42. Nb2 $11) 42... Ke7 ({Not} 42... Bxf2 $2 43. Rb8+ Ke7 44. d6+ Kd7 45. Rb7+ Kc6 46. Rc7+ Kb6 47. Nxf2 $18) 43. Rc3 Kd7 (43... Ra5 $15 44. dxe6 Kxe6) 44. Rc4 (44. Nc5+ $11 {keeps the balance.} Ke8 45. dxe6) 44... Bxf2 (44... exd5 $17 45. exd5 Ra5) 45. Nb4 $2 (45. Nxf2 $11 {and White has nothing to worry.} Rxf2 46. Ra4) 45... Ra4 $19 {[#] ...a5 is the strong threat.} 46. Kc2 $2 (46. Rc2) 46... a5 {Weighted Error Value: White=0.48/Black=0.17} 0-1

[Event "EOBCC TOP4 2020"]
[Site "Online"]
[Date "2020.12.19"]
[Round "1.2"]
[White "Jones, Gawain C B"]
[Black "Navara, David"]
[Result "1-0"]
[WhiteElo "2670"]
[BlackElo "2697"]
[Annotator "TA"]
[PlyCount "79"]
[EventDate "2020.12.18"]
[EventType "k.o."]
[EventCountry "NET"]
[SourceTitle "playchess.com"]
[Source "ChessBase"]
[SourceQuality "1"]

{[%evp 10,79,14,9,16,-21,12,14,4,2,29,31,47,25,29,22,66,63,61,65,80,60,87,91,87,88,111,108,108,100,122,122,189,86,150,119,188,179,185,179,184,177,273,254,294,267,268,279,368,368,372,325,458,419,420,311,303,303,292,287,451,437,478,414,476,487,452,420,646,477,611,603]} 1. e4 c5 2. Nf3 e6 3. Nc3 Nc6 4. Bb5 Nd4 5. O-O a6 6. Bd3 Nc6 {B30: Sicilian: 2...Nc6 3 Bb5, lines without ...g6.} 7. Nd5 $5 {[%mdl 4] Leaves trodden paths.} g6 8. Re1 Bg7 {The position is equal.} 9. c3 {[#]} Nge7 $146 ({Predecessor:} 9... d6 10. Ne3 Nge7 11. Bc2 e5 12. a3 O-O 13. b4 b5 14. Rb1 h6 15. Bb2 f5 16. bxc5 dxc5 {½-½ (42) Zvjaginsev,V (2648)-Bukavshin,I (2647) Kaliningrad 2015}) 10. Nxe7 Qxe7 11. Bc2 e5 12. d4 d6 {[%cal Re5d4]} 13. dxc5 dxc5 14. Be3 Bg4 15. Bb3 O-O 16. h3 Rfd8 {[#]} 17. Qe2 $1 Bxf3 18. Qxf3 Rd7 19. Rad1 Rad8 20. Bd5 Na7 (20... Bf8 $16 21. Re2 Qh4) 21. Qg4 (21. b4 $1 $18 {is more deadly.} b6 22. bxc5 bxc5 23. a4) 21... Kh8 ({Black should play} 21... Nc8) 22. Bb3 {Black must now prevent Bxc5!} b6 (22... h5 $16 {was called for.} 23. Qe2 Kh7) 23. Rxd7 $18 Rxd7 24. Rd1 Rxd1+ 25. Qxd1 Nb5 (25... Bf6 $142 26. Bc4 Kg7 27. Bxa6 h6) 26. Qd5 Nd6 27. Qa8+ Bf8 28. Qxa6 Qc7 {[#]} 29. Qa8 $1 {[%cal Ra8f8]} Kg8 30. Bd5 h5 (30... Qd7 $142 31. Qb8 Nc8 32. Qxe5 Bd6) 31. a4 Nc8 32. Qb7 Qxb7 33. Bxb7 {[%mdl 4096] Endgame KBB-KBN} Nd6 34. Bd5 Kg7 (34... Nc8 $142 35. Bd2 Be7) 35. b4 {[%cal Bb2b4,Bb4a5][%mdl 32]} Nc8 36. a5 bxa5 37. bxa5 Bd6 38. Kf1 Kf6 (38... f5 $142 39. Bg5 Bb8) 39. Ke2 Ke7 40. Kd3 {Weighted Error Value: White=0.20/Black=0.45} 1-0

[Event "EOBCC TOP4 2020"]
[Site "Online"]
[Date "2020.12.19"]
[Round "1.3"]
[White "Navara, David"]
[Black "Jones, Gawain C B"]
[Result "1-0"]
[WhiteElo "2697"]
[BlackElo "2670"]
[Annotator "TA"]
[PlyCount "95"]
[EventDate "2020.12.18"]
[EventType "k.o."]
[EventCountry "NET"]
[SourceTitle "playchess.com"]
[Source "ChessBase"]
[SourceQuality "1"]

{[%evp 20,95,37,20,16,26,41,43,52,-29,-29,-25,-29,-35,11,9,9,6,6,6,5,8,8,7,87,81,128,127,128,138,168,165,197,202,254,246,357,358,345,350,345,220,229,229,235,241,238,229,380,379,424,415,436,422,492,496,491,456,604,602,808,777,802,816,901,861,3104,2274,29976,29972,29979,29978,29983,29984,29984,29984,29989,29990]} 1. d4 Nf6 2. c4 g6 3. Nc3 Bg7 4. e4 d6 5. Nf3 O-O 6. Be2 e5 7. O-O exd4 8. Nxd4 Re8 9. f3 c6 10. Nc2 Na6 11. Kh1 Nc7 {E94: King's Indian: Classical: 6 Be2 e5 7 0-0: Various Black 7th moves.} 12. Bg5 h6 13. Bh4 d5 {[#] White is slightly better.} 14. f4 $146 (14. cxd5 $14 cxd5 15. Rc1) ({Predecessor:} 14. cxd5 cxd5 15. Nb4 dxe4 16. Qxd8 Rxd8 17. fxe4 g5 18. Bg3 Ne6 19. Nbd5 Nxd5 20. Nxd5 {½-½ (20) Malykin,V (2388)-Melamed,T (2281) Nordhorn 2015}) 14... dxe4 $11 15. Qxd8 Rxd8 16. Nxe4 {[%mdl 64] Pin} Re8 17. Nxf6+ Bxf6 18. Bxf6 {Bd3 is the strong threat.} Rxe2 19. Nd4 $36 {[%mdl 2048] White is more active.} Re4 20. Rae1 Rxe1 21. Rxe1 {And now Re7 would win.} Ne6 {[#]} (21... Bg4 $11) 22. f5 $1 $16 {[%cal Rf5e6] Black is now going downhill.} gxf5 23. Nxf5 Kh7 {Strongly threatening ...Kg6.} 24. Nd6 Bd7 25. Nxb7 Rb8 26. Nd6 Kg6 27. Rf1 Ng5 (27... c5 $142 28. Be5 f5 29. Nxf5 Rf8) 28. Be5 $18 f5 29. h4 Nh7 30. Nxf5 Re8 {[#]} 31. h5+ $1 Kg5 32. Nd6 Re7 33. Bd4 Be6 $2 (33... a5 {might work better.} 34. Nf7+ Kxh5) 34. Re1 Nf8 35. Re5+ Kf4 36. g3+ {[%mdl 64] Deflection, Decoy} Kxg3 37. Nf5+ Bxf5 38. Rxe7 {[%mdl 4096] Endgame KRB-KBN} Ne6 39. Bxa7 Ng5 40. Bb8+ Kf3 41. a4 {[%cal Ba2a4,Ba4a5][%mdl 32]} Bd3 42. b3 Ne4 43. a5 Kf2 44. Kh2 {White mates.} Ng5 45. Ba7+ Kf3 46. Re3+ {[%mdl 64] Double Attack} Kg4 47. Rxd3 Nf3+ {[#]} 48. Rxf3 $1 {Weighted Error Value: White=0.12/Black=0.58} 1-0

[Event "EOBCC TOP4 2020"]
[Site "Online"]
[Date "2020.12.19"]
[Round "1.3"]
[White "Shirov, Alexei"]
[Black "Bluebaum, Matthias"]
[Result "1/2-1/2"]
[WhiteElo "2662"]
[BlackElo "2670"]
[Annotator "RC"]
[PlyCount "132"]
[EventDate "2020.12.18"]
[EventType "k.o."]
[EventCountry "NET"]
[SourceTitle "playchess.com"]
[Source "ChessBase"]
[SourceQuality "1"]

1. e4 {[%emt 0:00:00]} e6 {[%emt 0:00:01]} 2. d4 {[%emt 0:00:02]} d5 {[%emt 0:00:01]} 3. e5 {[%emt 0:00:01]} c5 {[%emt 0:00:01]} 4. c3 {[%emt 0:00:01]} Nc6 {[%emt 0:00:01]} 5. Nf3 {[%emt 0:00:01]} Qb6 {[%emt 0:00:01]} 6. Be2 {[%emt 0:00:01]} cxd4 {[%emt 0:00:01]} 7. cxd4 {[%emt 0:00:02]} Nge7 {[%emt 0:00:01]} 8. Na3 {[%emt 0:00:03]} Nf5 {[%emt 0:00:01]} 9. Nc2 {[%emt 0:00:02]} Bd7 {[%emt 0:00:01]} 10. O-O {[%emt 0:00:02]} Be7 {[%emt 0:00:01]} 11. Bd3 {[%emt 0:00:03]} a5 {[%emt 0:00:06]} 12. Bxf5 {[%emt 0:00:15]} exf5 {[%emt 0:00:01]} 13. Bg5 {[%emt 0:00:02]} Bf8 {[%emt 0:00:04]} 14. h4 {[%emt 0:00:20]} h6 {[%emt 0:00:01]} 15. Be3 {[%emt 0:00:02]} Be7 {[%emt 0:00:02]} 16. h5 {[%emt 0:00:06]} Rc8 {[%emt 0:00:02]} 17. Nfe1 {[%emt 0:00:04]} a4 {[%emt 0:00:17]} 18. Nd3 {[%emt 0:00:04]} Na5 {[%emt 0:00:01]} 19. Nc5 {[%emt 0:00:08]} Qd8 {[%emt 0:00:50]} 20. Nb4 {[%emt 0:00:33]} b6 {[%emt 0:00:12]} 21. Ncd3 {[%emt 0:00:01]} Bb5 {[%emt 0:00:10]} 22. Re1 {[%emt 0:00:02]} Nc6 {[%emt 0:00:29]} 23. Nxc6 {[%emt 0:00:10]} Rxc6 {[%emt 0:00:01]} 24. Nf4 {[%emt 0:00:06]} O-O {[%emt 0:00:14]} 25. Qf3 {[%emt 0:00:14]} Bc4 {[%emt 0:00:01]} 26. Reb1 {[%emt 0:00:04]} Bg5 {[%emt 0:00:12]} 27. b3 {[%emt 0:00:02]} Bxf4 {[%emt 0:00:06]} 28. Bxf4 {[%emt 0:00:03]} axb3 {[%emt 0:00:01]} 29. axb3 {[%emt 0:00:03]} Bb5 {[%emt 0:00:01]} 30. Rc1 {[%emt 0:00:09]} Qd7 {[%emt 0:00:02]} 31. Rxc6 {[%emt 0:00:03]} Bxc6 {[%emt 0:00:03]} 32. Qg3 {[%emt 0:00:32]} Kh7 {[%emt 0:00:02]} 33. Rc1 {[%emt 0:00:04]} Ra8 {[%emt 0:00:07]} 34. Qc3 {[%emt 0:00:03]} Rc8 {[%emt 0:00:09]} 35. Qb4 {[%emt 0:00:02]} Qb7 {[%emt 0:00:11]} 36. Qd6 {[%emt 0:00:04]} Bd7 {[%emt 0:00:01]} 37. Rxc8 {[%emt 0:00:12]} Bxc8 {[%emt 0:00:01]} 38. Kh2 {[%emt 0:00:08]} Be6 {[%emt 0:00:01]} 39. f3 {[%emt 0:00:02]} Qa6 {[%emt 0:00:02]} 40. Qb4 {[%emt 0:00:02]} Qa7 {[%emt 0:00:05]} 41. Qc3 {[%emt 0:00:03]} Qa2 {[%emt 0:00:03]} 42. Qb4 {[%emt 0:00:03]} Bc8 {[%emt 0:00:12]} 43. Qxb6 {[%emt 0:00:10]} Ba6 {[%emt 0:00:01]} 44. Qb4 {[%emt 0:00:01]} Bf1 {[%emt 0:00:03]} 45. Qd2 {[%emt 0:00:02]} Qxb3 {[%emt 0:00:02]} 46. Qe3 {[%emt 0:00:02]} Qb2 {[%emt 0:00:08]} 47. Qd2 {[%emt 0:00:01]} Qb6 {[%emt 0:00:01]} 48. Qe3 {[%emt 0:00:02]} Bc4 {[%emt 0:00:02]} 49. Qd2 {[%emt 0:00:02]} Ba6 {[%emt 0:00:02]} 50. Qe3 {[%emt 0:00:01]} Qd8 {[%emt 0:00:02]} 51. Qf2 {[%emt 0:00:03]} Bc8 {[%emt 0:00:01]} 52. Qg3 {[%emt 0:00:02]} Qa5 {[%emt 0:00:04]} 53. Be3 {[%emt 0:00:03]} Be6 {[%emt 0:00:01]} 54. Qf2 {[%emt 0:00:02]} Qc3 {[%emt 0:00:03]} 55. Bd2 {[%emt 0:00:02]} Qd3 {[%emt 0:00:01]} 56. Bb4 {[%emt 0:00:03]} f4 {[%emt 0:00:13]} 57. Bc5 {[%emt 0:00:01]} Qf5 {[%emt 0:00:02]} 58. Qh4 {[%emt 0:00:01]} Qg5 {[%emt 0:00:01]} 59. Qxg5 {[%emt 0:00:04]} hxg5 {[%emt 0:00:01]} 60. Be7 {[%emt 0:00:01]} Kh6 {[%emt 0:00:01]} 61. Bf8 {[%emt 0:00:02]} g4 {[%emt 0:00:05]} 62. g3 {[%emt 0:00:05]} fxg3+ {[%emt 0:00:05]} 63. Kxg3 {[%emt 0:00:02]} gxf3 {[%emt 0:00:01]} 64. Kxf3 {[%emt 0:00:01]} Kxh5 {[%emt 0:00:02]} 65. Bxg7 {[%emt 0:00:02]} Kg6 {[%emt 0:00:01]} 66. Bf6 {[%emt 0:00:02]} Kf5 {[%emt 0:00:03]} 1/2-1/2

[Event "EOBCC TOP4 2020"]
[Site "Online"]
[Date "2020.12.19"]
[Round "1.4"]
[White "Bluebaum, Matthias"]
[Black "Shirov, Alexei"]
[Result "1-0"]
[WhiteElo "2670"]
[BlackElo "2662"]
[Annotator "RC"]
[PlyCount "151"]
[EventDate "2020.12.18"]
[EventType "k.o."]
[EventCountry "NET"]
[SourceTitle "playchess.com"]
[Source "ChessBase"]
[SourceQuality "1"]

1. d4 {[%emt 0:00:00]} d5 {[%emt 0:00:03]} 2. Nc3 {[%emt 0:00:01]} e6 {[%emt 0:00:02]} 3. Bf4 {[%emt 0:00:02]} c5 {[%emt 0:00:12]} 4. e3 {[%emt 0:00:03]} a6 {[%emt 0:00:06]} 5. g4 {[%emt 0:00:05]} Nc6 {[%emt 0:00:02]} 6. Nf3 {[%emt 0:00:14]} Bd6 {[%emt 0:00:04]} 7. Bg3 {[%emt 0:00:26]} Nge7 {[%emt 0:00:21]} 8. Bg2 {[%emt 0:00:09]} b5 {[%emt 0:00:03]} 9. Ne2 {[%emt 0:00:02]} Bb7 {[%emt 0:00:30]} 10. c3 {[%emt 0:00:02]} Rc8 {[%emt 0:00:04]} 11. Rc1 {[%emt 0:00:02]} b4 {[%emt 0:00:07]} 12. dxc5 {[%emt 0:00:42]} Bxc5 {[%emt 0:00:02]} 13. O-O {[%emt 0:00:05]} O-O {[%emt 0:00:03]} 14. cxb4 {[%emt 0:00:11]} Bxb4 {[%emt 0:00:03]} 15. Qb3 {[%emt 0:00:02]} a5 {[%emt 0:00:15]} 16. a3 {[%emt 0:00:03]} Ba6 {[%emt 0:00:01]} 17. axb4 {[%emt 0:00:30]} Bxe2 {[%emt 0:00:02]} 18. Rfe1 {[%emt 0:00:01]} Bxf3 {[%emt 0:00:04]} 19. Bxf3 {[%emt 0:00:01]} Nxb4 {[%emt 0:00:02]} 20. Rxc8 {[%emt 0:00:06]} Qxc8 {[%emt 0:00:04]} 21. Bd6 {[%emt 0:00:01]} Qd7 {[%emt 0:00:03]} 22. Bg3 {[%emt 0:00:13]} Nec6 {[%emt 0:00:08]} 23. h4 {[%emt 0:00:04]} e5 {[%emt 0:00:04]} 24. Rd1 {[%emt 0:00:03]} Rd8 {[%emt 0:00:04]} 25. Qa4 {[%emt 0:00:07]} Qe6 {[%emt 0:00:09]} 26. g5 {[%emt 0:00:13]} h6 {[%emt 0:00:11]} 27. Kh2 {[%emt 0:00:05]} hxg5 {[%emt 0:00:02]} 28. hxg5 {[%emt 0:00:01]} d4 {[%emt 0:00:11]} 29. Bg2 {[%emt 0:00:06]} d3 {[%emt 0:00:27]} 30. Qb5 {[%emt 0:00:01]} e4 {[%emt 0:00:02]} 31. Bh3 {[%emt 0:00:06]} Qe7 {[%emt 0:00:02]} 32. g6 {[%emt 0:00:02]} Rd5 {[%emt 0:00:10]} 33. gxf7+ {[%emt 0:00:03]} Qxf7 {[%emt 0:00:02]} 34. Qc4 {[%emt 0:00:01]} Qf3 {[%emt 0:00:09]} 35. Rd2 {[%emt 0:00:05]} Kh7 {[%emt 0:00:01]} 36. Bg2 {[%emt 0:00:01]} Qh5+ {[%emt 0:00:06]} 37. Kg1 {[%emt 0:00:02]} Ne5 {[%emt 0:00:02]} 38. Qxe4+ {[%emt 0:00:02]} g6 {[%emt 0:00:02]} 39. f4 {[%emt 0:00:03]} Ng4 {[%emt 0:00:02]} 40. Qe7+ {[%emt 0:00:01]} Kg8 {[%emt 0:00:02]} 41. Qe8+ {[%emt 0:00:01]} Kg7 {[%emt 0:00:02]} 42. Qe7+ {[%emt 0:00:02]} Kg8 {[%emt 0:00:02]} 43. Qe6+ {[%emt 0:00:01]} Kg7 {[%emt 0:00:05]} 44. Bxd5 {[%emt 0:00:01]} Nxd5 {[%emt 0:00:01]} 45. Rxd3 {[%emt 0:00:01]} Ngxe3 {[%emt 0:00:04]} 46. Rxe3 {[%emt 0:00:03]} Nxe3 {[%emt 0:00:01]} 47. Qxe3 {[%emt 0:00:01]} Qd1+ {[%emt 0:00:01]} 48. Be1 {[%emt 0:00:02]} a4 {[%emt 0:00:02]} 49. Kf2 {[%emt 0:00:02]} Qc2+ {[%emt 0:00:01]} 50. Qe2 {[%emt 0:00:01]} Qc5+ {[%emt 0:00:04]} 51. Kg3 {[%emt 0:00:01]} Kh7 {[%emt 0:00:02]} 52. Bf2 {[%emt 0:00:10]} Qb4 {[%emt 0:00:02]} 53. Qc2 {[%emt 0:00:05]} a3 {[%emt 0:00:02]} 54. bxa3 {[%emt 0:00:00]} Qxa3+ {[%emt 0:00:01]} 55. Kg4 {[%emt 0:00:01]} Qd6 {[%emt 0:00:02]} 56. Qe4 {[%emt 0:00:03]} Qd7+ {[%emt 0:00:01]} 57. Kg3 {[%emt 0:00:01]} Qd1 {[%emt 0:00:02]} 58. Qe7+ {[%emt 0:00:01]} Kh6 {[%emt 0:00:02]} 59. Qg5+ {[%emt 0:00:03]} Kh7 {[%emt 0:00:01]} 60. Qe7+ {[%emt 0:00:01]} Kh6 {[%emt 0:00:02]} 61. Qe3 {[%emt 0:00:02]} Kh7 {[%emt 0:00:01]} 62. Qf3 {[%emt 0:00:00]} Qd6 {[%emt 0:00:03]} 63. Be3 {[%emt 0:00:03]} Qd3 {[%emt 0:00:03]} 64. Kf2 {[%emt 0:00:03]} Qc2+ {[%emt 0:00:01]} 65. Qe2 {[%emt 0:00:01]} Qe4 {[%emt 0:00:02]} 66. Qb5 {[%emt 0:00:02]} Qc2+ {[%emt 0:00:02]} 67. Kg3 {[%emt 0:00:02]} Qe4 {[%emt 0:00:02]} 68. Qd7+ {[%emt 0:00:01]} Kh6 {[%emt 0:00:03]} 69. Qd4 {[%emt 0:00:03]} Qe8 {[%emt 0:00:01]} 70. f5+ {[%emt 0:00:05]} Kh7 {[%emt 0:00:02]} 71. f6 {[%emt 0:00:04]} g5 {[%emt 0:00:02]} 72. Bxg5 {[%emt 0:00:03]} Kg6 {[%emt 0:00:04]} 73. Bf4 {[%emt 0:00:03]} Qe6 {[%emt 0:00:02]} 74. Be5 {[%emt 0:00:01]} Kf5 {[%emt 0:00:02]} 75. Qf4+ {[%emt 0:00:02]} Kg6 {[%emt 0:00:01]} 76. Qg4+ {[%emt 0:00:01]} 1-0

[Event "EOBCC TOP4 2020"]
[Site "Online"]
[Date "2020.12.19"]
[Round "1.4"]
[White "Jones, Gawain C B"]
[Black "Navara, David"]
[Result "0-1"]
[WhiteElo "2670"]
[BlackElo "2697"]
[Annotator "TA"]
[PlyCount "132"]
[EventDate "2020.12.18"]
[EventType "k.o."]
[EventCountry "NET"]
[SourceTitle "playchess.com"]
[Source "ChessBase"]
[SourceQuality "1"]

{[%evp 10,131,9,6,28,-19,0,0,7,16,9,10,15,0,26,16,13,13,34,29,34,20,47,46,48,47,52,-14,-3,-10,0,0,0,0,30,26,39,-40,0,-26,0,-296,-253,-421,-426,-579,-390,-416,-400,-362,-264,-477,-301,-294,-278,-366,-359,-358,-353,-362,-337,-525,-520,-510,-514,-601,-511,-715,-467,-575,-460,-480,-491,-579,-410,-422,-425,-536,-510,-524,-511,-587,-558,-437,-512,-925,-911,-1023,-934,-981,-965,-902,-884,-679,-610,-1545,-1537,-1526,-1305,-1531,-1454,-1338,-1122,-1045,-1026,-29977,-29977,-29973,-6403,-2911,-2239,-29982,-29983,-29988,-29987,-29987,-29974,-29991,-29992,-29992,-29993,-29998,-29999,-29999]} 1. e4 c5 2. Nf3 e6 3. Nc3 Nc6 4. Bb5 Nd4 5. O-O a6 6. Bd3 Nc6 {B30: Sicilian: 2...Nc6 3 Bb5, lines without ...g6.} 7. Nd5 g6 8. Re1 d6 {The position is equal.} 9. Ne3 Bg7 10. c3 Nge7 11. Bc2 e5 12. a3 O-O {[#]} 13. d3 $146 ({Predecessor:} 13. b4 b5 14. Rb1 h6 15. Bb2 f5 16. bxc5 dxc5 17. a4 Qd6 18. Ba3 Be6 19. d3 {½-½ (42) Zvjaginsev,V (2648)-Bukavshin,I (2647) Kaliningrad 2015}) 13... Kh8 14. b4 b5 15. Bb2 Bb7 16. Bb3 h6 17. Qd2 f5 18. Nd5 (18. exf5 $14 gxf5 19. Nh4) 18... fxe4 $11 19. dxe4 c4 20. Nxe7 Qxe7 21. Bc2 Rxf3 22. gxf3 Rf8 23. Re3 (23. Qd1 $14) 23... Bf6 24. Rd1 Rd8 25. f4 $2 {[%mdl 8192] Black converts the advantage convincingly.} (25. Ree1 $11 {and White has nothing to worry.} Bg5 26. Qe2) 25... exf4 $19 26. Rh3 $2 (26. Ree1 {keeps fighting.} g5 27. Qe2) 26... Bg5 {Hoping for ...Qe6.} 27. Qe2 Ne5 28. Rf3 Bc8 {Strongly threatening ...Bg4.} (28... Nxf3+ $2 29. Qxf3 Kg7 30. Bc1 $19) 29. h3 Qe6 (29... Nxf3+ 30. Qxf3 Bb7 31. a4 $17) 30. Kh2 $2 (30. a4 {was called for.}) 30... Nxf3+ 31. Qxf3 Bf6 32. Bc1 Be5 33. Rh1 Kh7 34. Kg2 Qf6 35. h4 (35. a4 $142) 35... h5 {...Bg4 is the strong threat.} 36. Qd1 Bxc3 37. f3 Be5 38. Qd5 Qe6 39. Qc6 Qd7 40. Qxd7+ Bxd7 ({Less strong is} 40... Rxd7 41. Kf2 $19) 41. Rd1 Bc6 42. Rh1 Kg7 43. Kf1 {[#]} a5 $1 44. bxa5 Ra8 45. Bd2 c3 46. Bc1 Rxa5 47. Ke2 {[#]} (47. Bb3 $142 Ra7 48. Ke1) 47... b4 $1 48. axb4 Bb5+ 49. Kd1 Ra2 50. Rg1 Kf6 51. Rg2 {[#]} Bd3 $1 {[%mdl 512]} 52. Rf2 (52. Bxd3 Rxg2) 52... Ke7 53. Rg2 Kd7 54. b5 Kc7 55. Rh2 Kb6 56. Rg2 Kc5 57. Rh2 Bxb5 58. Rh1 Ba4 (58... Kc4 $142 59. Rg1 Be8 60. Rh1 Bd4 61. Bxf4 Ra1+ 62. Bc1 Be3 63. Ke2 Rxc1 64. Rxc1 Bxc1 65. Ke1 Bf4 66. Kd1 Kd4 67. Bb3 Bg3 68. Kc2 Bxh4 69. f4 Bg3 70. Kd1 h4 71. Ke2 Kxe4 72. f5 Bb5+ 73. Kd1 Bd3 74. fxg6 h3 75. g7 h2 76. Bd5+ Kd4 77. g8=Q c2+ 78. Kc1 Bf4+ 79. Kb2 c1=Q+ 80. Kb3 Qb1+ 81. Ka4 Qb5+ {[%mdl 64] Double Attack} 82. Ka3 Bc1+ 83. Ka2 Qb2#) 59. Bxa4 Rxa4 {[%mdl 4096] Endgame KRB-KRB} 60. Rg1 Kc4 {Black mates.} 61. Rxg6 {Cut Off at move 61} Kd3 62. Rg2 Ra1 63. Rh2 Bd4 64. Rc2 Be3 65. Rd2+ cxd2 {[%csl Ga1,Ge3][%cal Rd2c1][%mdl 64] Pin} 66. e5 Rxc1# {Weighted Error Value: White=0.64/Black=0.33} 0-1